| 000 | 00732nam a2200289 a 4500 | ||
|---|---|---|---|
| 003 | AR-BaBNM | ||
| 005 | 20251128204511.0 | ||
| 008 | 082120s2002 ||||||||||||||000 | spa|| | ||
| 020 | _a84-206-2274-5 | ||
| 040 | _cAR-BaBNM | ||
| 100 | 1 | _aGarcía-Pelayo, Manuel | |
| 245 | 0 | 0 | _aLos mitos políticos |
| 260 |
_aMadrid _bAlianza Editorial _c1981 |
||
| 300 |
_a390 p. _bIL. |
||
| 490 | 0 |
_aAlianza Universidad _vv. 274 |
|
| 650 | 4 | _aPOLITICA | |
| 650 | 4 | _aMITOLOGIA | |
| 650 | 4 | _aPODER POLITICO | |
| 650 | 4 | _aHISTORIA | |
| 650 | 4 | _aCULTURA CONTEMPORANEA | |
| 650 | 4 | _aSOCIEDAD CONTEMPORANEA | |
| 650 | 4 | _aDOCTRINAS POLITICAS | |
| 650 | 4 | _aIDEOLOGIAS | |
| 650 | 4 | _aCULTURAS DOMINANTES | |
| 942 | _cBK | ||
| 998 | _cCarmen | ||
| 999 |
_c7663 _d7663 |
||